Schaum’s outline of theory and problems of mechanical vibrations / (Record no. 7317)
[ view plain ]
| 000 -LEADER | |
|---|---|
| fixed length control field | 00974nac a22002531u 4500 |
| 008 - FIXED-LENGTH DATA ELEMENTS--GENERAL INFORMATION | |
| fixed length control field | 090122t xxu||||| |||| 00| 0 eng d |
| 010 ## - LIBRARY OF CONGRESS CONTROL NUMBER | |
| LC control number | 95047554 |
| 020 ## - INTERNATIONAL STANDARD BOOK NUMBER | |
| International Standard Book Number | 0070340412 |
| 082 00 - DEWEY DECIMAL CLASSIFICATION NUMBER | |
| Classification number | 620.3076 |
| Item number | KEL |
| 100 ## - MAIN ENTRY--PERSONAL NAME | |
| Personal name | Kelly, S. Graham. |
| 9 (RLIN) | 18370 |
| 245 10 - TITLE STATEMENT | |
| Title | Schaum’s outline of theory and problems of mechanical vibrations / |
| Statement of responsibility, etc | S. Graham Kelly. |
| 246 30 - VARYING FORM OF TITLE | |
| Title proper/short title | Theory and problems of mechanical vibrations |
| 246 30 - VARYING FORM OF TITLE | |
| Title proper/short title | Mechanical vibrations |
| 246 30 - VARYING FORM OF TITLE | |
| Title proper/short title | Schaum's outlines mechanical vibrations |
| 260 ## - PUBLICATION, DISTRIBUTION, ETC. (IMPRINT) | |
| Place of publication, distribution, etc | New York : |
| Name of publisher, distributor, etc | McGraw-Hill, |
| Date of publication, distribution, etc | c1996. |
| 300 ## - PHYSICAL DESCRIPTION | |
| Extent | ix, 352 p. : |
| Other physical details | ill. ; |
| Dimensions | 28 cm. |
| 490 0# - Series Statement | |
| Series statement | Schaum's outline series. |
| 504 ## - BIBLIOGRAPHY, ETC. NOTE | |
| Bibliography, etc | Includes bibliographical references and index. |
| 650 #0 - SUBJECT ADDED ENTRY--TOPICAL TERM | |
| Topical term or geographic name as entry element | Vibration |
| General subdivision | Problems, exercises, etc. |
| Source of heading or term | BUEsh |
| 650 #0 - SUBJECT ADDED ENTRY--TOPICAL TERM | |
| Topical term or geographic name as entry element | Vibration |
| General subdivision | Outlines, syllabi, etc. |
| Source of heading or term | BUEsh |
| 651 ## - SUBJECT ADDED ENTRY--GEOGRAPHIC NAME | |
| Source of heading or term | BUEsh |
| 856 42 - ELECTRONIC LOCATION AND ACCESS | |
| Materials specified | Publisher description |
| Uniform Resource Identifier | <a href="http://www.loc.gov/catdir/description/mh021/95047554.html">http://www.loc.gov/catdir/description/mh021/95047554.html</a> |
| 942 ## - ADDED ENTRY ELEMENTS (KOHA) | |
| Item type | NB - Book (Non borrowing) |
| Call number prefix | 620.3076KEL |
| Source of classification or shelving scheme | Dewey Decimal Classification |
| Withdrawn status | Item status | Source of classification or shelving scheme | Damaged status | Not for loan | Vendor | Home library | Current library | Shelving location | Date acquired | Source of acquisition | Total Checkouts | Full call number | Barcode | Date last seen | Date last borrowed | Koha item type | Cost, normal purchase price | Serial Enumeration / chronology | Total Renewals |
|---|---|---|---|---|---|---|---|---|---|---|---|---|---|---|---|---|---|---|---|
| Dewey Decimal Classification | Alahram | Central Library | Central Library | First floor | 21/01/2008 | 2 | 620.3076 KEL | 000008804 | 15/07/2025 | 04/01/2011 | NB - Book (Non borrowing) | ||||||||
| Dewey Decimal Classification | Alahram | Central Library | Central Library | First floor | 22/01/2009 | 2 | 620.3076 KEL | 000015063 | 15/07/2025 | 03/12/2015 | Book - Borrowing | 99.40 | 6382 | 38 | |||||
| Dewey Decimal Classification | Alahram | Central Library | Central Library | First floor | 22/01/2009 | 1 | 620.3076 KEL | 000004634 | 15/07/2025 | 19/09/2010 | Book - Borrowing | 3 | |||||||
| Dewey Decimal Classification | Alahram | Central Library | Central Library | First floor | 22/01/2009 | 3 | 620.3076 KEL | 000004635 | 15/07/2025 | 15/09/2011 | Book - Borrowing | 9 | |||||||
| Dewey Decimal Classification | Alahram | Central Library | Central Library | First floor | 12/02/2009 | 4 | 620.3076 KEL | 000014812 | 15/07/2025 | 18/10/2016 | Book - Borrowing | 135.60 | 6390 | 20 |